Statistics for Countries in 1970

Click here to take the quiz!

General Stats

  • This quiz has been taken 79 times
  • The average score is 107 of 149

Answer Stats

Country% Correct
Soviet Union
96%
Canada
93%
India
93%
Portugal
93%
China, Republic of
91%
Japan
91%
Pakistan
91%
Poland
91%
Australia
89%
Mexico
89%
Spain
89%
Argentina
88%
Brazil
88%
Cuba
88%
Finland
88%
France
88%
Ireland
88%
Libya
88%
Morocco
88%
Sweden
88%
United States
88%
Algeria
86%
China, Peoples Republic of
86%
Panama
86%
Romania
86%
South Africa
86%
Yugoslavia
86%
Ethiopia
84%
Guatemala
84%
Hungary
84%
Iran
84%
Iraq
84%
Italy
84%
New Zealand
84%
Norway
84%
Switzerland
84%
Turkey
84%
Venezuela
84%
West Germany
84%
Costa Rica
82%
East Germany
82%
Malaysia
82%
Monaco
82%
North Korea
82%
Paraguay
82%
San Marino
82%
Saudi Arabia
82%
South Korea
82%
United Kingdom
82%
Albania
81%
Andorra
81%
Bolivia
81%
Bulgaria
81%
Colombia
81%
Iceland
81%
Muscat and Oman
81%
North Vietnam
81%
South Vietnam
81%
Syria
81%
Uruguay
81%
Afghanistan
79%
Belgium
79%
Chile
79%
Denmark
79%
Greece
79%
Haiti
79%
Honduras
79%
Indonesia
79%
Jamaica
79%
Peru
79%
Austria
77%
Cambodia
77%
Czechoslovakia
77%
Dominican Republic
77%
Guyana
77%
Luxembourg
77%
Netherlands
77%
Nicaragua
77%
Somalia
77%
Tunisia
77%
Vatican City
77%
Chad
75%
El Salvador
75%
Jordan
75%
Laos
75%
Niger
75%
Sudan
75%
Israel
74%
Kenya
74%
Liechtenstein
74%
Congo, Democratic Republic of the
72%
Congo, Peoples Republic of the
72%
Cyprus
72%
Ecuador
72%
Lebanon
72%
Mali
72%
Mauritania
72%
Nepal
72%
Nigeria
72%
Senegal
72%
Singapore
72%
Burma
70%
Guinea
70%
Lesotho
70%
Togo
70%
Bhutan
68%
Ghana
68%
Liberia
68%
Malta
68%
Mongolia
68%
Thailand
68%
Uganda
68%
Barbados
67%
Malagasy Republic
67%
Trinidad and Tobago
67%
Zambia
67%
Philippines
65%
Swaziland
65%
Tanzania
65%
Botswana
63%
Cameroon
63%
Gambia
63%
Kuwait
63%
Rwanda
63%
Sierra Leon
61%
Burundi
60%
Gabon
60%
Fiji
58%
Malawi
58%
Equatorial Guinea
53%
Maldives
53%
Tonga
53%
Rhodesia
51%
Ivory Coast
49%
Nauru
47%
Central African Republic
44%
Mauritius
44%
North Yemen
40%
South Yemen
40%
Vanuatu
39%
Ceylon
30%
United Arab Republic
25%
Upper Volta
23%
Biafra
14%
Dahomey
11%
Western Samoa
5%
Venda
4%
Rwenzururu
2%
Vemerana
2%

Score Distribution

Percentile by Number Answered

Percent of People with Each Score

Your Score History

You have not taken this quiz